Recruiting Immigrant Workers: Canada 2019
Gespeichert in:
| Format: | Buch |
|---|---|
| Sprache: | Englisch |
| Veröffentlicht: |
Paris
OECD
2019
|
| Schriftenreihe: | Recruiting Immigrant Workers
|
| Schlagworte: | |
| Tags: |
Keine Tags, Fügen Sie das erste Tag hinzu!
|
MARC
| LEADER | 00000nam a2200000 4500 | ||
|---|---|---|---|
| 001 | 0270676 | ||
| 005 | 20221220065137.7 | ||
| 020 | |a 978-92-64-35325-1 | ||
| 041 | 0 | |a eng | |
| 044 | |a FR | ||
| 245 | 1 | 0 | |a Recruiting Immigrant Workers: Canada 2019 |
| 264 | 1 | |a Paris |b OECD |c 2019 | |
| 300 | |a 200 s. | ||
| 490 | 1 | |a Recruiting Immigrant Workers | |
| 830 | 0 | |a Recruiting Immigrant Workers | |
| 610 | 2 | 0 | |a trh práce |
| 610 | 2 | 0 | |a politika migračná |
| 610 | 2 | 0 | |a demografia |
| 610 | 2 | 0 | |a sily pracovné |
| 610 | 2 | 0 | |a migrácia |
| 610 | 2 | 0 | |a riadenie |
| 610 | 2 | 0 | |a inovácia |
| 610 | 2 | 0 | |a infraštruktúra informačná |
| 610 | 2 | 0 | |a Kanada |